000 00419nam a22001577a 4500
005 20230614140843.0
008 230607b |||||||| |||| 00| 0 eng d
020 _a9780321492012
082 _a686.225
_bADO
245 _aAdobe InDesign CS3 classroom in a book /
_bAdobe Systems
260 _aUSA
_c2007
_bAdobe Systems Incorporated
300 _a448
500 _aInclude Index
650 _aEngineering
999 _c18642
_d18642